[Event "AUTO-OPEN-1709"]
[Site "http://www.queenalice.com/game.php?id=660774"]
[Date "2009.9.30"]
[Round "1"]
[White "Netusco"]
[Black "Tubaroy"]
[Result "0-1"]
[WhiteElo "1225"]
[BlackElo "1507"]

1. e4 e5 2. d3 Nc6 3. Nf3 Bc5 4. Bg5 Nf6 5. Nxe5 Nxe5 6. Nc3 d6 7. Qf3 Nxf3+ 8.
gxf3 O-O 9. d4 Bxd4 10. O-O-O Bxf2 11. e5 Be3+ 12. Rd2 Bxg5 0-1

[Event "AUTO-OPEN-1709"]
[Site "http://www.queenalice.com/game.php?id=660799"]
[Date "2009.9.30"]
[Round "1"]
[White "Guille"]
[Black "Netusco"]
[Result "1-0"]
[WhiteElo "1718"]
[BlackElo "1213"]

1. e4 e5 2. Nc3 d6 3. Nf3 Nf6 4. Bc4 Nc6 5. Ng5 Ng4 6. d3 Qf6 7. O-O Qxg5 8.
Bxg5 Nd4 9. Nd5 Kd7 10. Qxg4+ Ne6 11. f4 c6 12. fxe5 dxe5 13. Rxf7+ Kd6 14. Ne3
Nxg5 15. Nf5+ Bxf5 16. Rxf5 h6 17. Qh5 Be7 18. Raf1 Rhf8 19. Qg6+ Rf6 20. Rxf6+
Bxf6 21. Rxf6+ gxf6 22. Qxf6+ Kd7 23. Qxh6 Nf7 24. Qe6+ Kc7 25. Qxf7+ Kd6 26. b4
Rd8 27. Qxb7 1-0

[Event "AUTO-OPEN-1709"]
[Site "http://www.queenalice.com/game.php?id=660800"]
[Date "2009.9.30"]
[Round "1"]
[White "Netusco"]
[Black "Guille"]
[Result "0-1"]
[WhiteElo "1213"]
[BlackElo "1720"]

1. d4 c6 2. e4 Qc7 3. Nc3 e6 4. Nge2 d6 5. Bf4 e5 6. Bg3 Be7 7. Qd3 Nf6 8. dxe5
dxe5 9. O-O-O O-O 10. f4 Rd8 11. Qf3 Rxd1+ 12. Kxd1 Bg4 13. Qd3 Na6 14. fxe5 Rd8
15. Nd5 cxd5 16. exf6 dxe4 17. Bxc7 exd3 18. cxd3 Rxd3+ 19. Kc2 Nb4+ 20. Kc1
Bxf6 21. Nc3 Bg5+ 22. Kb1 Rd7 23. Be2 Bf5+ 24. Ka1 Rxc7 25. Rd1 Nc2+ 26. Kb1
Ne3+ 0-1

[Event "AUTO-OPEN-1709"]
[Site "http://www.queenalice.com/game.php?id=660815"]
[Date "2009.9.30"]
[Round "1"]
[White "CCapivara"]
[Black "Netusco"]
[Result "1-0"]
[WhiteElo "2066"]
[BlackElo "1213"]

1. e4 e5 2. f4 d6 3. Nf3 Nc6 4. Bc4 Nf6 5. d3 Bg4 6. O-O Be7 7. f5 Nd4 8. Nbd2
O-O 9. c3 Nb5 10. Bxb5 d5 11. exd5 Qxd5 12. Bc4 Qc5+ 13. Kh1 b5 14. Bb3 Bxf5 15.
d4 exd4 16. Nxd4 Bg4 17. N2f3 Bd6 18. Qd3 Qh5 19. Nxb5 Bxf3 20. Nxd6 cxd6 21.
Qxf3 Ng4 22. Bxf7+ Qxf7 23. Qxf7+ Rxf7 24. Bg5 Raf8 25. Rxf7 Rxf7 26. h3 Nf2+
27. Kg1 Rf5 28. Bh4 1-0

[Event "AUTO-OPEN-1709"]
[Site "http://www.queenalice.com/game.php?id=660816"]
[Date "2009.9.30"]
[Round "1"]
[White "Netusco"]
[Black "CCapivara"]
[Result "0-1"]
[WhiteElo "1236"]
[BlackElo "2102"]

1. e4 d6 2. d4 Nf6 3. Nc3 c6 4. Nf3 Bg4 5. Bd3 Nbd7 6. Be3 e5 7. dxe5 dxe5 8.
O-O Be7 9. Na4 O-O 10. Qe1 Bxf3 11. gxf3 Nh5 12. Rd1 Bg5 13. Qd2 Bf4 14. Nc5
Nxc5 15. Bc4 Qh4 16. Rfe1 Qxh2+ 17. Kf1 Bxe3 18. Qxe3 Nf4 19. Qxf4 Qxf4 20. Rd2
Qxd2 21. Re2 Qd1+ 22. Re1 Qxc2 23. b3 Nd3 24. Bxd3 Qxd3+ 25. Re2 a5 26. f4 exf4
0-1

[Event "Challenge"]
[Site "http://www.queenalice.com/game.php?id=661564"]
[Date "2009.10.2"]
[Round "-"]
[White "ValiNedelcu1984"]
[Black "Netusco"]
[Result "1-0"]
[WhiteElo "1515"]
[BlackElo "1247"]

1. e4 e5 2. Nf3 d6 3. g3 Nf6 4. Nc3 Nc6 5. Bg2 Be6 6. O-O Be7 7. b3 O-O 8. Bb2
Qd7 9. Qe2 Nd5 10. Nxd5 Bxd5 11. exd5 Nd4 12. Nxd4 exd4 13. Bxd4 c5 14. Bb2 Rae8
15. Qd3 Bf6 16. Bxf6 1-0